Sri Aurobindo's Vision of Integral Human Development Designing a Future Discipline of Study /

This book explores the integral vision of human development contained in the original works of Sri Aurobindo and The Mother. It delves into multiple layers of the human personality as envisaged by Sri Aurobindo and The Mother and explores a new developmental science of consciousness based on the pra...

Πλήρης περιγραφή

Λεπτομέρειες βιβλιογραφικής εγγραφής
Κύριος συγγραφέας: Gupta, Monica (Συγγραφέας)
Συγγραφή απο Οργανισμό/Αρχή: SpringerLink (Online service)
Μορφή: Ηλεκτρονική πηγή Ηλ. βιβλίο
Γλώσσα:English
Έκδοση: New Delhi : Springer India : Imprint: Springer, 2014.
Θέματα:
Διαθέσιμο Online:Full Text via HEAL-Link
LEADER 03291nam a22004935i 4500
001 978-81-322-1904-0
003 DE-He213
005 20151110091305.0
007 cr nn 008mamaa
008 140522s2014 ii | s |||| 0|eng d
020 |a 9788132219040  |9 978-81-322-1904-0 
024 7 |a 10.1007/978-81-322-1904-0  |2 doi 
040 |d GrThAP 
050 4 |a BF712-724.92 
072 7 |a JMC  |2 bicssc 
072 7 |a PSY039000  |2 bisacsh 
082 0 4 |a 155  |2 23 
100 1 |a Gupta, Monica.  |e author. 
245 1 0 |a Sri Aurobindo's Vision of Integral Human Development  |h [electronic resource] :  |b Designing a Future Discipline of Study /  |c by Monica Gupta. 
264 1 |a New Delhi :  |b Springer India :  |b Imprint: Springer,  |c 2014. 
300 |a XIII, 181 p. 4 illus.  |b online resource. 
336 |a text  |b txt  |2 rdacontent 
337 |a computer  |b c  |2 rdamedia 
338 |a online resource  |b cr  |2 rdacarrier 
347 |a text file  |b PDF  |2 rda 
505 0 |a Preface -- Chapter 1. Introduction: The Need For A New Psychology Of Human Development -- Chapter 2. The Process Of Individual Evolution: Moving Towards A Gnostic Individuality -- Chapter 3. The Process Of Social Evolution: The Human Cycle -- Chapter 4. The Contemporary Discipline Of Human Development: The Dominant Metatheories -- Chapter 5. Sri Aurobindo’s Perspective On Evolution Of Consciousness: The Metatheory -- Chapter 6. Designing A Future Discipline Of Human Development: The Agenda -- Chapter 7. Applying The New Agenda Of Human Development -- Appendices -- Glossary. 
520 |a This book explores the integral vision of human development contained in the original works of Sri Aurobindo and The Mother. It delves into multiple layers of the human personality as envisaged by Sri Aurobindo and The Mother and explores a new developmental science of consciousness based on the practice of Integral Yoga. The book examines the major metatheoretical conceptions that shape the contemporary discipline of developmental psychology and discusses the ways in which Sri Aurobindo’s philosophical and psychological perspective can help break fresh ground for developmental theorisation and research by extending the current understanding of the human evolutionary potential. The author proposes a new agenda for human development which brings together the key ideas of integral individual and collective development and informs practices in the areas of counselling, education, parenting, and self-development. This book will be of special interest for researchers of developmental psychology, human development, counselling psychology, philosophy, social work, and education. 
650 0 |a Psychology. 
650 0 |a Philosophy, Asian. 
650 0 |a Educational psychology. 
650 0 |a Education  |x Psychology. 
650 0 |a Social work. 
650 0 |a Developmental psychology. 
650 1 4 |a Psychology. 
650 2 4 |a Developmental Psychology. 
650 2 4 |a Educational Psychology. 
650 2 4 |a Non-Western Philosophy. 
650 2 4 |a Social Work. 
710 2 |a SpringerLink (Online service) 
773 0 |t Springer eBooks 
776 0 8 |i Printed edition:  |z 9788132219033 
856 4 0 |u http://dx.doi.org/10.1007/978-81-322-1904-0  |z Full Text via HEAL-Link 
912 |a ZDB-2-BHS 
950 |a Behavioral Science (Springer-11640)